|
|
|
|
| LEADER |
00746nam a2200205Ia 4500 |
| 001 |
CTU_92647 |
| 008 |
210402s9999 xx 000 0 und d |
| 020 |
|
|
|c 13000
|
| 082 |
|
|
|a 335.411
|
| 082 |
|
|
|b Ph431
|
| 100 |
|
|
|a Trần, Văn Phòng
|
| 245 |
|
0 |
|a Tìm hiểu môn học triết học Mác Lênin :
|
| 245 |
|
0 |
|b Dưới dạng hỏi đáp
|
| 245 |
|
0 |
|c Trần Văn Phòng, Phạm Ngọc Quang, Nguyễn Thế Kiệt
|
| 260 |
|
|
|a Hà Nội
|
| 260 |
|
|
|b Lý luận Chính trị
|
| 260 |
|
|
|c 2004
|
| 650 |
|
|
|a Philosophy, marxist,Dialectical materialism
|
| 904 |
|
|
|i Mai Loan, Mai chuyển từ 146.32 thành 335.411 chưa in nhãn
|
| 980 |
|
|
|a Trung tâm Học liệu Trường Đại học Cần Thơ
|